highest grossing movies 2000-2009 - Statistics

General Stats
  • This quiz has been taken 28 times
  • The average score is 25 of 100
Answer Stats
Hint Answer % Correct
1.(2009)$2,743,577,587 Avatar
78%
3.(2002)$821,708,551 Spider-Man
72%
8.(2008)$585,796,247 Iron Man
67%
9.(2005)$371,853,783 Batman Begins
61%
3.(2004)$783,766,341 Spider-Man 2
61%
3.(2007)$895,871,626 Spider-Man 3
61%
2.(2001)$883,726,270 The Lord Of The Rings The Fellowship Of The Ring
61%
1.(2003)$1,140,682,011 The Lord Of The Rings The Return Of The King
61%
4.(2001)$487,853,320 Shrek
56%
1.(2008)$997,000,000 The Dark Knight
56%
6.(2006)$461,983,149 Cars
50%
1.(2004)$935,454,538 Shrek 2
50%
2.(2003)$871,014,978 Finding Nemo
44%
4.(2004)$631,442,092 The Incredibles
44%
2.(2000)$465,516,248 Gladiator
39%
2.(2002)$878,979,634 Harry Potter & The Chamber Of Secrets
39%
2.(2004)$798,076,924 Harry Potter & The Prisoner Of Azkaban
39%
6.(2009)$735,099,082 Up
39%
9.(2000)$296,339,528 X-Men
39%
2.(2009)$933,959,197 Harry Potter & The Half Blood Prince
33%
1.(2001)$974,755,371 Harry Potter & The Sorcerers Stone
33%
1. (2000)$546,388,108 Mission Impossible 2
33%
8.(2006)$398,479,497 Mission Impossible 3
33%
3.(2001)$528,773,250 Monsters Inc
33%
6.(2007)$623,726,085 Ratatouille
33%
9.(2004)$374,583,879 Shark Tale
33%
1.(2002)$936,689,735 The Lord Of The Rings The Two Towers
33%
9.(2008)$521,311,860 WALL-E
33%
9.(2003)$407,711,549 X2
33%
4.(2006)$606,099,584 Casino Royale
28%
2.(2005)$895,921,036 Harry Potter & The Goblet Of Fire
28%
2.(2007)$941,676,843 Harry Potter & The Order Of The Phoenix
28%
2.(2008)$786,636,033 Indiana Jones & The Kingdom Of The Crystal Skull
28%
8.(2001)$368,780,809 Jurassic Park 3
28%
6.(2005)$542,063,846 Madagascar
28%
1.(2006)$1,066,179,725 Pirates Of The Caribbean Dead Mans Chest
28%
7.(2008)$589,580,482 Quantum Of Solace
28%
4.(2007)$813,367,380 Shrek The Third
28%
9.(2006)$391,081,192 Superman Returns
28%
5.(2007)$709,709,780 Transformers
28%
5.(2005)$562,363,449 King Kong
22%
3.(2008)$631,744,560 Kung Fu Panda
22%
5.(2002)$441,818,803 Men In Black 2
22%
5.(2001)$450,717,150 Oceans Eleven
22%
10.(2004)$362,744,280 Oceans Twelve
22%
4.(2003)$654,264,015 Pirates Of The Caribbean The Curse Of The Black Pearl
22%
9.(2001)$362,211,740 Planet Of The Apes
22%
4.(2002)$653,741,940 Star Wars Attack Of The Clones
22%
1.(2005)$899,090,365 Star Wars Revenge Of The Sith
22%
2.(2006)$760,006,945 The Da Vinci Code
22%
3.(2003)$739,412,035 The Matrix Reloaded
22%
7.(2001)$435,040,395 The Mummy Returns
22%
4.(2009)$836,303,693 Transformers Revenge Of The Fallen
22%
4.(2005)$603,873,119 War Of The Worlds
22%
7.(2006)$460,435,291 X-Men The Last Stand
22%
5.(2009)$769,679,473 2012
17%
10.(2007)$456,068,181 300
17%
10.(2003)$273,339,556 Bad Boys 2
17%
8.(2005)$474,968,763 Charlie & The Chocolate Factory
17%
6.(2002)$431,971,116 Die Another Day
17%
6.(2000)$346,524,444 How The Grinch Stole Christmas
17%
7.(2007)$585,410,052 I Am Legend
17%
8.(2002)$383,257,136 Ice Age
17%
6.(2008)$603,900,354 Madagascar Escape 2 Africa
17%
10.(2002)$358,372,926 Minority Report
17%
6.(2001)$449,220,945 Pearl Harbor
17%
1.(2007)$963,400,492 Pirates Of The Caribbean At Worlds End
17%
3(2005)$745,013,115 The Chronicles Of Narnia
17%
10.(2008)$419,665,568 The Chronicles Of Narnia Prince Caspian
17%
10.(2009$469,328,079 The Hangover
17%
8.(2003)$427,343,298 The Matrix Revolutions
17%
5.(2004)$611,486,736 The Passion Of The Christ
17%
9.(2009)$485,930,816 Angels & Demons
11%
5.(2003)$484,592,874 Bruce Almighty
11%
3.(2000)$429,632,142 Cast Away
11%
5.(2000)$349,822,765 Dinosaur
11%
4.(2008)$629,443,428 Hancock
11%
10.(2001)$351,692,268 Hannibal
11%
10.(2006)$384,335,608 Happy Feet
11%
10.(2005)$371,594,210 Hitch
11%
3.(2006)$660,998,756 Ice Age The Meltdown
11%
7.(2004)$522,657,936 Meet The Fockers
11%
7.(2000)$330,444,045 Meet The Parents
11%
9.(2002)$368,744,044 My Big Fat Greek Wedding
11%
5.(2006)$574,480,841 Night At The Museum
11%
7.(2002)$408,247,917 Signs
11%
7.(2003)$433,371,112 Terminator 3 Rise Of The Machines
11%
6.(2003)$454,627,263 The Last Samurai
11%
8.(2007)$536,414,270 The Simpsons Movie
11%
7.(2009)$709,827,462 The Twilight Saga New Moon
11%
8.(2004)$497,409,852 Troy
11%
4.(2000)$374,111,707 What Women Want
11%
3.(2009)$886,686,817 Ice Age Dawn Of The Dinosaurs
6%
7.(2005)$487,287,646 Mr & Mrs Smith
6%
9.(2007)$459,242,249 National Treasure Book Of Secrets
6%
8.(2009)$524,028,679 Sherlock Holmes
6%
6.(2004)$552,639,571 The Day After Tomorrow
6%
5.(2008)$609,841,637 Mama Mia
0%
8.(2000)$328,711,434 The Perfect Storm
0%
10.(2000)$291,420,351 What Lies Beneath
0%
No matching quizzes found
Score Distribution
Percent of People with Each Score
Percentile by Number Answered
Your Score History
You have not taken this quiz